000 00436nam a2200169Ia 4500
008 230524s9999 xx 000 0 und d
020 _a8120311272
082 _a645.12
_bSHA
100 _aIrving H.Shames
245 0 _a"Engineering Mechanics Statics and Dynamics (4th ed., 1024p)"
250 _a4TH
260 _aNEW DELHI
_bPHI
_c2002
300 _aXVI;1093
500 _aQuantity Number: 5
650 _aMechanics
942 _cBK
999 _c11987
_d11987